Pertemuan Selat Melaka : ke arah merealisasikan semangat ASEAN, IMS-GT, IMT-GT dan BIMP-EAGA

Bibliographic Details
Other Authors: Abdul Latiff Abu Bakar
Format: Book
Published: Melaka : IKSEP , 1998
Subjects:

MARC

LEADER 00000cam a2200000 7i4500
001 0000036662
005 20130627.0
008 130627
020 |a 983991555X 
090 0 0 |a 959.5118   |b PER 
245 1 0 |a Pertemuan Selat Melaka :   |b ke arah merealisasikan semangat ASEAN, IMS-GT, IMT-GT dan BIMP-EAGA   |c diselenggarakan oleh Abdul Latiff Abu Bakar 
260 |a Melaka :   |b IKSEP ,   |c 1998 
650 0 |a Melaka   |x History 
700 0 |a Abdul Latiff Abu Bakar 
999 |a 0001227543   |b Book   |c Adult Collection   |e Perbadanan Perpustakaan Awam Johor 
999 |a 0001227544   |b Book   |c Adult Collection   |e Cawangan Urban Transformation Centre 
999 |a 0001227545   |b Book   |c Adult Collection   |e Cawangan Kota Tinggi